| 000 | 00746cam a22002657a 4500 | ||
|---|---|---|---|
| 001 | 000893 | ||
| 003 | armpunfd | ||
| 005 | 20140612090624.0 | ||
| 008 | 011019s1989#xx#a##########000#0##nd#d | ||
| 040 |
_aarmpunfd _carmpunfd |
||
| 080 | _a351.83 V 479 | ||
| 100 | 1 | 0 | _a Vazquez Vialard, Antonio |
| 245 | 1 | 0 | _aDerecho del trabajo y de la seguridad social |
| 260 |
_a Buenos Aires : _b Astrea, _c1989. |
||
| 300 | _av.1 495 p.; v.2 662 p. | ||
| 650 | 7 |
_a Derecho Del Trabajo _2LEMB |
|
| 650 | 7 |
_a Derecho Laboral _2LEMB |
|
| 942 |
_cLB _2cdu |
||
| 945 |
_aCatalis _d2010-08-19 |
||
| 945 |
_aCatalis _d2010-08-19 |
||
| 945 |
_aCatalis _d2010-08-19 |
||
| 945 |
_aCatalis _d2010-08-19 |
||
| 945 |
_asa _d2013-10-29 |
||
| 945 |
_asa _d2013-10-29 |
||
| 999 |
_c884 _d231388 |
||